| 000 | 00433nam a2200181Ia 4500 | ||
|---|---|---|---|
| 005 | 20240823061822.0 | ||
| 008 | 240823s9999||||xx |||||||||||||| ||und|| | ||
| 041 | _aENGLISH | ||
| 082 | _A822.3 Q7 | ||
| 100 | _aChristopher Marlowe | ||
| 245 | 0 | _aMarlowe The Tragical History of Doctor Faustus | |
| 250 | _a1st | ||
| 260 |
_c2017 _bTrinity |
||
| 500 | _aDISPLAY | ||
| 650 |
_aEnglish _bEnglish |
||
| 942 | _cBK | ||
| 999 |
_c234426 _d234426 |
||